Teaching Reading in Middle School (Record no. 254521)
[ view plain ]
| 000 -LEADER | |
|---|---|
| fixed length control field | 00371nam a22001577a 4500 |
| 003 - CONTROL NUMBER IDENTIFIER | |
| control field | OSt |
| 005 - DATE AND TIME OF LATEST TRANSACTION | |
| control field | 20160615110506.0 |
| 008 - FIXED-LENGTH DATA ELEMENTS--GENERAL INFORMATION | |
| fixed length control field | 160615b xxu||||| |||| 00| 0 eng d |
| 020 ## - INTERNATIONAL STANDARD BOOK NUMBER | |
| International Standard Book Number | 0590685600 |
| 040 ## - CATALOGING SOURCE | |
| Transcribing agency | n/a |
| 050 ## - LIBRARY OF CONGRESS CALL NUMBER | |
| Classification number | LB 1632 |
| Item number | .R59 2000 |
| 100 ## - MAIN ENTRY--PERSONAL NAME | |
| Personal name | Laura Robb |
| 245 ## - TITLE STATEMENT | |
| Title | Teaching Reading in Middle School |
| 260 ## - PUBLICATION, DISTRIBUTION, ETC. (IMPRINT) | |
| Place of publication, distribution, etc | Broadway;Newyork |
| 942 ## - ADDED ENTRY ELEMENTS (KOHA) | |
| Source of classification or shelving scheme | Library of Congress Classification |
| Koha item type | Long Loan Books |
| Withdrawn status | Lost status | Source of classification or shelving scheme | Damaged status | Not for loan | Collection code | Home library | Current library | Shelving location | Date acquired | Total Checkouts | Full call number | Barcode | Date last seen | Price effective from | Koha item type |
|---|---|---|---|---|---|---|---|---|---|---|---|---|---|---|---|
| Library of Congress Classification | Non-fiction | Rongo University Library | Rongo University Library | General Stacks | 15/06/2016 | LB 1632 .R59 2000 | 20155965 | 15/06/2016 | 15/06/2016 | Long Loan Books |
